Pro srandu králíkům a další povídky /

Všestranný umělec a nestárnoucí showman představuje další sbírku svých ironicko-humoristických povídek.

Main Author: Laufer, Josef, 1939-2024
Other Authors: Haderka, Vít
Language: Czech
Published: Velké Přílepy : Olympia, 2019
Edition: Vydání první
Physical Description: 127 stran : ilustrace ; 22 cm
Book
Saved in:
LEADER 01707nam a2200385 i 4500
001 nkc20193097081
003 CZ PrNK
005 20190726111802.0
007 ta
008 190507s2019 xr a g 000 j cze
015 |a cnb003097081 
020 |a 978-80-7376-559-0  |q (vázáno) 
035 |a (OCoLC)1111972569 
040 |a ABG001  |b cze  |e rda 
072 7 |a 821.162.3-3  |x Česká próza  |2 Konspekt  |9 25 
080 |a 821.162.3-32  |2 MRF 
080 |a (0:82-32)  |2 MRF 
100 1 |a Laufer, Josef,  |d 1939-2024  |7 jk01071658  |4 aut 
245 1 0 |a Pro srandu králíkům a další povídky /  |c Josef Laufer ; ilustroval Vít Haderka 
250 |a Vydání první 
264 1 |a Velké Přílepy :  |b Olympia,  |c 2019 
300 |a 127 stran :  |b ilustrace ;  |c 22 cm 
336 |a text  |b txt  |2 rdacontent 
337 |a bez média  |b n  |2 rdamedia 
338 |a svazek  |b nc  |2 rdacarrier 
505 0 0 |t Pro srandu králíkům --  |t Hlediště --  |t Dárek --  |t Casting --  |t Náhradník --  |t Vsaď se --  |t Uklízeč --  |t Nevěra --  |t Sobota --  |t O nejlepší pohádku --  |t Klika 
520 2 |a Všestranný umělec a nestárnoucí showman představuje další sbírku svých ironicko-humoristických povídek.  |b Soubor jedenácti příběhů s překvapivým zakončením o absurditách a podivnostech v životě lidském. Autorův smysl pro nahořklý humor a nadsázku dotvářejí kresby Víta Haderky. 
655 7 |a české povídky  |7 fd133971  |2 czenas 
655 9 |a Czech short stories  |2 eczenas 
700 1 |a Haderka, Vít  |7 kv2012729577  |4 ill 
910 2 |a BOA001  |b 2-1427.408 
990 |a BK 
995 |a 01 
991 |b 201905  |c NOV 
996 6 |b 2610781088  |c 2-1427.408  |l MZK  |r Sklad / do 1 hodiny  |n 0  |p p.v.  |w 001722674  |u 000010  |a 1  |e BOA001  |j MZK50  |s P